FROM INTROVERT TO INFLUENCER (Record no. 25217)

MARC details
000 -LEADER
fixed length control field 00284nam a22001337a 4500
003 - CONTROL NUMBER IDENTIFIER
control field SGT
020 ## - INTERNATIONAL STANDARD BOOK NUMBER
International Standard Book Number 9798371337818
082 ## - DEWEY DECIMAL CLASSIFICATION NUMBER
Classification number 650
Item number SHA
100 ## - MAIN ENTRY--PERSONAL NAME
Personal name SHARMA , MONICA
245 ## - TITLE STATEMENT
Title FROM INTROVERT TO INFLUENCER
260 ## - PUBLICATION, DISTRIBUTION, ETC. (IMPRINT)
Name of publisher, distributor, etc INDEPENDENTLY
Year of Publication 2022
300 ## - PAGE DESCRIPTION
No. of Pages 54
942 ## - ADDED ENTRY ELEMENTS (KOHA)
Source of classification or shelving scheme Dewey Decimal Classification
Koha item type Books

No items available.